LEADER 02291nam1 22005293i 450 001 RAV0100402 005 20251003044322.0 100 $a19900516d1982 ||||0itac50 ba 101 | $aita 102 $ait 181 1$6z01$ai $bxxxe 182 1$6z01$an 183 1$6z01$anc$2RDAcarrier 200 1 $aScritti politici$fdi Gaetano Mosca$ga cura di Giorgio Sola 210 $aTorino$cUTET$d1982 215 $a2 v.$d1158 p. ; [3] tav. ; ill. ; 23 cm 225 | $aClassici della politica$v34 410 0$1001CFI0060778$12001 $aClassici della politica$v34 463 1$1001TSA0046067$12001 $aˆ2: ‰Elementi di scienza politica$fdi Gaetano Mosca$v2 463 1$1001UFI0045918$12001 $aˆ1: ‰Teorica dei governi e governo parlamentare$fGaetano Mosca$v1 606 $aPolitica$xTeorie$xSec. 19.$2FIR$3CFIC101732$9I 676 $a320$9SCIENZA POLITICA (POLITICA E GOVERNO)$v19 676 $a320$9SCIENZA POLITICA (POLITICA E GOVERNO)$v21 676 $a320.01$9SCIENZA POLITICA. FILOSOFIA E TEORIA$v19 676 $a320.01$9SCIENZA POLITICA. FILOSOFIA E TEORIA$v21 676 $a320.1$9STATO$v20 676 $a320.1$9LO STATO$v21 696 $aVita politica$aAttività politica$aAspetti politici 699 $aPolitica$zVita politica 699 $aPolitica$zAttività politica 699 $aPolitica$zAspetti politici 700 1$aMosca$b, Gaetano$3RAVV028471$4070$0122041 702 1$aSola$b, Giorgio$3CFIV065574 801 3$aIT$bIT-000000$c19900516 850 $aIT-BN0095 $aIT-NA0243 $aIT-SA0002 $aIT-AV0003 $aIT-AV0007 $aIT-NA0079 $aIT-NA0581 $aIT-NA0261 $aIT-NA0075 $aIT-BN0015 901 $bNAP 67$cSALA B $nComprende monografie di vario argomento 901 $bNAP AV$cSEZ. M $nSezione Moderna 901 $bNAP FC$cFONDO $n$ 901 $bNAP AE$cOP. GEN. $n$ 901 $bNAP AR$cP. CICCONE$nDONAZIONE 901 $bNAP BN$cCOLL. $n$ 912 $aRAV0100402 950 1$aCentro Librario e Bibliotecario per la Diffusione della cultura$c2 v. (v.1-2)$d 67SALA B B IV 7/15a-b 967 $m2 977 $a 01$a 67$a AE$a AR$a AV$a BN$a FC$a FT$a GE$a PB 996 $aScritti politici$9486949 997 $aUNISANNIO